| 000 | 00884nam a22002297a 4500 | ||
|---|---|---|---|
| 999 |
_c143441 _d143441 |
||
| 005 | 20221228122227.0 | ||
| 010 | _a1718EN-30 B-681910-917 ENG-135961 | ||
| 020 |
_a9789386050878 _c499.00 |
||
| 020 |
_a9789386050595 _c499.00 |
||
| 035 | _aB-681910-917 | ||
| 035 | _aEN-119493 | ||
| 037 |
_bPragati _adpl |
||
| 037 | _bDBAD/PUB | ||
| 082 | _a305.5680954 | ||
| 100 | _aMander, Harsh | ||
| 245 |
_aFatal accidents of birth: _bstories of suffering, oppression and resistance / _cby Harsh Mander |
||
| 260 |
_aNew Delhi _bSpeaking Tiger _c2016 |
||
| 270 |
_a4381/4, Ansari Road, Daryaganj, _bNew Delhi _e110002 |
||
| 300 |
_axii,203p. _c20cm(Hbk) |
||
| 942 |
_2ddc _cEN _h305.5680954 _mMAN |
||